Регионална библиотека "Любен Каравелов" - Русе

Кланът Отори (Запис номер 72905)

MARC детайли
000 -Лидер
Контролно поле с фиксирана дължина 01516nam a2200349 c 4500
003 - Код на организацията, давaща контролен номер
Контролно поле BLK
005 - Дата и час на последна редакция
Контролно поле 20230425105406.0
008 - Елементи от данни с фиксирана дължина
fixed length control field 180408b bul|||||r ||||||| ||bul||
010 ## - Наследен системен номер
LC control number KNG00077282000
020 ## - Международен стандартен номер на книга ISBN
Международен стандартен номер на книга ISBN 954-528-681-4
-- издат.: Труд - на том(кн. 3)
020 ## - Международен стандартен номер на книга ISBN
Международен стандартен номер на книга ISBN 978-954-528-681-0
-- издат.: Труд - на том(кн. 3)
040 ## - Източник на каталожния запис
Идентификатор на билиотеката - собственик на записа BLK
041 ## - Код за език
Код за езика на текст/звукозапис или на отделно заглавие Български
Код за езика КДБФ Български
080 ## - УДК
Текстов определител УДК Австралийска литература
УДК код - определител по УДК 821.111(94)
УДК определител -31
УДК - код + определител 821.111(94)-31
100 1# - Редна дума - Автор
Автор Хърн, Лиан
Авторска отговорност първи автор
R(LIN) 292231
139 ## - Редно поле
Редна дума Хърн, Лиан
Авторски знак Хъ - Х 96
245 10 - Сведения за заглавието
Заглавие Кланът Отори
Подзаглавни данни Роман : Кн. 1 -
Редно поле (дума) Лиан Хърн; прев. от англ. Людмила Левкова; * Джилиан Рубинстейн.
Том Кн. 3
Заглавие на том Възмездието
257 ## - Страна на издаване
Страна на създаване/издаване Австралия
260 ## - Област на издателските данни
-- София
Година на издаване 2006 -
Печатница За том: София : Инвестпрес
300 ## - Физическа характеристика
Размери/Мащаб 20 см
380 ## - Жанр
Жанр Худож. лит.
500 ## - Общи забележки
Забележка Ориг. загл. Tales of the Otori - 3 / Lian Heanh. - Офс. изд.
653 ## - Ключова дума – ненормативна
Ключова дума романи
700 1# - Други автори (авторска отговорност)
Лично име Левкова, Людмила
Автороска отговорност (Описва отношението между автора и произведението) прев. от англ.
9 (RLIN) 363477
700 1# - Други автори (авторска отговорност)
Лично име Рубинстейн, Джилиан
Автороска отговорност (Описва отношението между автора и произведението) *
9 (RLIN) 117177
760 1# - Описание на основната серия
-- - на том(кн. 3)
Редна дума на основното описание Хърн, Лиан
Място на издаване, издател и година Труд, 2006
Страници - том 384 с.
Забележка - том Ориг. загл. Brilliance of the Moon.
Заглавие Кн. 3 Възмездието
852 ## - Местоположение
Форматна сигнатура Цб 229888
856 4# - Електронен адрес и достъп
Електронен формат pdf - файл
Път до файла /url/
856 4# - Електронен адрес и достъп
Електронен формат pdf - файл
Път до файла /url/
942 ## - АРТИКУЛИ
Вид на библиотечния материал Книги
Скрит в OPAC Не
Koha issues (borrowed), all copies 4
944 ## - СЪЗДАВАНЕ И РЕДАКЦИЯ на ЗАПИСА
Създаване/Редакция Създаване
Дата на регистрацията/редакция 10.08.2007
Служител, извършил регистрацията/редакцията Пенка_Димитрова
944 ## - СЪЗДАВАНЕ И РЕДАКЦИЯ на ЗАПИСА
Създаване/Редакция Редакция
Дата на регистрацията/редакция 09.02.2013
Служител, извършил регистрацията/редакцията
999 ## - СИСТЕМНИ КОНТРОЛНИ НОМЕРА
Koha biblionumber 72905
Koha biblioitemnumber 72905
Наличности
Код за отписване Код за изгубен артикул Код за повреда Коз за рестрикции Код за отдаване Артикулен № Име на библиотеката - собственик Име на библиотеката, в която се намира в момента Статус (Текущо местоположение) Дата на вписване в системата Местоположение - отдел Цена в лева Инвентарен номер Систематично азбучна сигнатура Баркод Номер на екземпляра Цена в евро Служебна бележка Служебен тип на артикула Източник на класификационната схема
  Не е изгубен Не е повреден без рестрикции ползва се в читалня 118503 Регионална библиотека "Любен Каравелов" Русе Регионална библиотека "Любен Каравелов" Русе Хранилище 2007-08-08 Хранилище 8.99 120000716457 Цб 229888 120000716457 1 4.60 Дост: Dp Вид: Д N: 13 Дата: 08.03.2007 Книги  
  Не е изгубен Не е повреден без рестрикции заемане за дома 118504 Регионална библиотека "Любен Каравелов" Русе Регионална библиотека "Любен Каравелов" Русе Заемна - подръчен фонд 2007-11-08 Заемна - подръчен фонд 8.99 120000719534 П 820(94)-31Х 96 120000719534 2 4.60 Дост: Pk Вид: Ф N: 10424 Дата: 02.11.2007 Дата инв: 12.02.2018 Бележки инв: П2018 Книги  
  Не е изгубен Не е повреден без рестрикции заемане за дома 118505 Регионална библиотека "Любен Каравелов" Русе Регионална библиотека "Любен Каравелов" Русе Заемна - подръчен фонд 2013-02-07 Заемна - подръчен фонд 8.99 120000763670 П 820(94)-31Х 96 120000763670 3 4.60 Дост: DA Вид: А N: 1 Дата: 07.02.2013 Дата инв: 12.02.2018 Бележки инв: П2018 Книги Universal Decimal Classification
Vip Innovations Ltd, Rousse, Bulgaria 2025